000 00998nam a2200265Ia 4500
003 OSt
005 20220930092809.0
006 a|||||r|||| 00| 0
007 ta
008 220926b |||||||| |||| 00| 0 eng d
024 _a24826
037 _cTheses
040 _aCRL
_cCRL
_beng
041 _2eng
_aeng
100 _aGupta Sumit
_9541774
110 _aUniversity OF Delhi. Faculty OF Medical Sciences. Department OF Dermatology, venereology and leprology
245 0 _aAtologous non - cultured melanocyte - keratinocyte transfer in stable vitiligo
_b comparison of recipient site preparation by two techniques
260 _c2015
650 _aSKIN - DISEASES
700 _a Dr. Bijaylaxami Sahoo Gu.
_9549707
700 _a Dr. Vijay Kumar Gu.
_9535899
700 _aUniversity OF Delhi. Faculty OF Medical Sciences. Department OF Dermatology, venereology and leprology
942 _cDIS
_2CC
999 _c884308
_d884308